Water-quality assessment of the New England Coastal Basins in Maine, Massachusetts, New Hampshire, and Rhode Island : environmental settings and implications for water quality and aquatic biota /

Bibliographic Details
Corporate Author: Geological Survey (U.S.)
Other Authors: Flanagan, Sarah M.
Format: Government Document Book
Language:English
Published: Pembroke, N.H. : U.S. Dept. of the Interior, U.S. Geological Survey ; 1999.
Series:Water-resources investigations report ; 98-4249.
Subjects:

MARC

Tag First Indicator Second Indicator Subfields
LEADER 00000cam a2200000 a 4500
001 in00000003181
005 20151007051045.0
008 990422s1999 nhuab b f000 0 eng d
035 |a (OCoLC)41230871 
035 |9 AJG2891AM 
040 |a GPO  |c GPO  |d DLC  |d MvI  |d UtOrBLW 
043 |a n-usn-- 
049 |a UDOC 
074 |a 0624-B 
086 0 |a I 19.42/4:98-4249 
245 0 0 |a Water-quality assessment of the New England Coastal Basins in Maine, Massachusetts, New Hampshire, and Rhode Island :  |b environmental settings and implications for water quality and aquatic biota /  |c by Sarah M. Flanagan [and others]. 
246 2 |a Water quality assessment of the New England Coastal Basins in Maine, Massachusetts, New Hampshire, and Rhode Island 
264 1 |a Pembroke, N.H. :  |b U.S. Dept. of the Interior, U.S. Geological Survey ;  |c 1999. 
264 2 |a Denver, CO :  |b Branch of Information Services [distributor], 
300 |a vii, 62 pages :  |b illustrations, maps (some color) ;  |c 28 cm. 
336 |a text  |b txt  |2 rdacontent 
337 |a unmediated  |b n  |2 rdamedia 
338 |a volume  |b nc  |2 rdacarrier 
490 1 |a Water-resources investigations report ;  |v 98-4249 
500 |a "National Water-Quality Assessment Program." 
500 |a Shipping list number: 99-0192-P. 
504 |a Includes bibliographical references (pages 55-62). 
650 0 |a Water quality biological assessment  |z New England. 
650 0 |a Basins (Geology)  |z New England. 
650 0 |a Environmental monitoring  |z New England. 
700 1 |a Flanagan, Sarah M. 
710 2 |a Geological Survey (U.S.) 
830 0 |a Water-resources investigations report ;  |v 98-4249. 
999 |a MARS 
999 f f |s 4804d31f-aa42-35c9-87d7-c35a252788b8  |i b5db9250-89cf-33f4-a598-2d1089269163  |t 0 
952 f f |p normal  |a Texas A&M University  |b College Station  |c Sterling C. Evans Library  |d Evans: US Documents (Annex 5th floor)  |t 0  |e I 19.42/4:98-4249  |h Superintendent of Documents classification  |i unmediated -- volume  |m A14824479228 
998 f f |a I 19.42/4:98-4249  |t 0  |l Evans: US Documents (Annex 5th floor)